000 00681cam a2200193 a 4500
005 20250901165414.0
008 000105s2001 ohua b 001 0 eng
010 _a 00020512
020 _a0324024525 (alk. paper)
020 _a0324069529 (computer disk)
050 0 0 _aHF5635 .I483 2001
_b.I483 2001
082 0 0 _a658.15/4
_221
100 1 _aIngram, Robert W.
245 1 0 _aFinancial accounting :
_ba bridge to decision making /
_cRobert W. Ingram, Bruce A. Baldwin.
250 _a4th ed.
260 _aCincinnati, Ohio :
_bSouth-Western College Pub.,
_cc2001.
300 _a1 v. (various pagings) :
_bill. ;
_c28 cm. +
_e1 computer laser optical disk (4 3/4 in.)
942 _2ddc
999 _c3443
_d3443